[Event "Klub KÃ¶lner SF 1 - Bahn-SC Wuppertal 1"]
[Site "Oberliga NRW 2016/2017"]
[Date "2017.01.22"]
[Round "5.8"]
[White "Ludwig, Peter"]
[Black "Werbeck, Torsten"]
[Result "1/2-1/2"]
[WhiteElo "2114"]
[BlackElo "2051"]
[Annotator "Daniel"]
[PlyCount "130"]
[EventDate "2017.??.??"]
[WhiteTeam "Klub KÃ¶lner SF 1"]
[BlackTeam "Bahn-SC Wuppertal 1"]

1. Nf3 Nf6 2. c4 c5 3. Nc3 Nc6 4. g3 g6 5. Bg2 Bg7 6. O-O O-O 7. a3 a6 8. Rb1
Rb8 9. b4 cxb4 10. axb4 b5 11. cxb5 axb5 12. d4 Ne8 13. e4 d6 14. Be3 Bg4 15.
h3 Bxf3 16. Bxf3 e6 17. Be2 Nc7 18. f4 Qd7 19. Kg2 Rfe8 $11 20. Qd2 d5 21. e5
Bf8 22. g4 Ne7 23. Bd3 Rb6 24. h4 Bg7 25. Ne2 Rf8 26. Rh1 f6 27. h5 Rf7 28.
Rbc1 f5 29. hxg6 hxg6 30. Rh4 Ra6 31. Rc5 Rf8 32. Qc2 Ra7 33. Rh1 Rb8 34. Nc3
Nc6 35. Bxb5 Nxb5 36. Rxb5 Rxb5 37. Nxb5 Nxb4 38. Qc5 Ra2+ 39. Kg3 Na6 40. Qb6
Rb2 41. Qxa6 Rxb5 42. gxf5 gxf5 43. Qa8+ Kf7 44. Ra1 Rb7 45. Ra5 Bf8 46. Kf3
Rc7 47. Ra2 Qb5 48. Qd8 Re7 49. Kf2 Qe8 50. Qb6 Kg8 51. Ra1 Bg7 52. Rg1 Qc8 53.
Rc1 Qe8 54. Qa6 Qh5 55. Rg1 Qh4+ 56. Ke2 Qh2+ 57. Kd3 Kf7 58. Qb6 Qa2 59. Rc1
Qg2 60. Rc7 Qe4+ 61. Kd2 Bf8 62. Rc8 Qg2+ 63. Kd3 Qe4+ 64. Kd2 Qg2+ 65. Kd3
Qe4+ 1/2-1/2

[Event "DJK AufwÃ¤rts Aachen 2 - Godesberger SK"]
[Site "Oberliga NRW 2016/2017"]
[Date "2017.01.22"]
[Round "5.1"]
[White "Wecker, Martin"]
[Black "Burg, Twan"]
[Result "1/2-1/2"]
[WhiteElo "2110"]
[BlackElo "2464"]
[PlyCount "94"]
[EventDate "2017.??.??"]
[WhiteTeam "Godesberger SK 1"]
[BlackTeam "DJK AufwÃ¤rts Aachen 2"]

1. Nf3 d5 2. d4 Nf6 3. c4 e6 4. g3 Bb4+ 5. Bd2 Be7 6. Qc2 O-O 7. Bg2 c6 8. O-O
Nbd7 9. Bf4 b6 10. Nc3 dxc4 11. Nd2 Nd5 12. Nxc4 Nxf4 13. gxf4 Bb7 14. Ne4 Qc7
15. e3 Rac8 16. Ne5 Nf6 17. Rac1 Nd5 18. Ng5 Bxg5 19. fxg5 Qe7 20. Qa4 f6 21.
gxf6 gxf6 22. Bxd5 exd5 23. Nd3 Kh8 24. h3 c5 25. Nf4 b5 26. Qxa7 cxd4 27. Qxd4
Rc4 28. Rxc4 dxc4 29. Kh2 Rd8 30. Qc3 Qe5 31. Rc1 Qxc3 32. Rxc3 Rd2 33. b3
Rxf2+ 34. Kg1 Rxa2 35. bxc4 bxc4 36. Rxc4 Bf3 37. Rd4 Kg7 38. h4 Bg4 39. Rb4
Bf3 40. Rd4 Kf8 41. Rd7 Be4 42. Rc7 Ra1+ 43. Kf2 Bf5 44. Rc6 Kf7 45. Rc7+ Kf8
46. Rc6 Ke7 47. Rc7+ Kf8 1/2-1/2

[Event "DJK AufwÃ¤rts Aachen 2 - Godesberger SK"]
[Site "Oberliga NRW 2016/2017"]
[Date "2017.01.22"]
[Round "5.2"]
[White "Godart, Francois"]
[Black "Koehler, Christian Friedrich"]
[Result "0-1"]
[WhiteElo "2361"]
[BlackElo "2135"]
[PlyCount "84"]
[EventDate "2017.??.??"]
[WhiteTeam "DJK AufwÃ¤rts Aachen 2"]
[BlackTeam "Godesberger SK 1"]

1. d4 d5 2. Nf3 Nf6 3. e3 Bg4 4. h3 Bxf3 5. Qxf3 e6 6. c4 c6 7. Nc3 Bd6 8. Bd3
O-O 9. O-O Nbd7 10. Bd2 Re8 11. Qd1 c5 12. cxd5 exd5 13. Qf3 cxd4 14. exd4 Bb4
15. Bg5 Qa5 16. Bf5 Bxc3 17. bxc3 g6 18. Bxf6 Nxf6 19. Bxg6 hxg6 20. Qxf6 Re6
21. Qg5 Rc8 22. Rfb1 b6 23. a4 Rc4 24. Rb3 Rxa4 25. Rxa4 Qxa4 26. Qxd5 Qa2 27.
Kh2 Qxf2 28. Rb1 Qc2 29. Rf1 Qe2 30. Rf4 Kg7 31. Qa8 Re7 32. Rh4 Re8 33. Qxa7
Qf2 34. Rg4 Re1 35. Qxb6 Qg1+ 36. Kg3 Qe3+ 37. Kh2 Qg1+ 38. Kg3 Re3+ 39. Kh4
Qf2+ 40. g3 Re8 41. Rf4 Rh8+ 42. Kg4 f5+ 0-1

[Event "DJK AufwÃ¤rts Aachen 2 - Godesberger SK"]
[Site "Oberliga NRW 2016/2017"]
[Date "2017.01.22"]
[Round "5.3"]
[White "Stenzel, Thomas"]
[Black "Buscher, Michael"]
[Result "0-1"]
[WhiteElo "2036"]
[BlackElo "2355"]
[Annotator "Daniel"]
[PlyCount "134"]
[EventDate "2017.??.??"]
[WhiteTeam "Godesberger SK 1"]
[BlackTeam "DJK AufwÃ¤rts Aachen 2"]

1. e4 c5 2. Nf3 e6 3. d3 Nc6 4. g3 g6 5. c3 Bg7 6. Bg2 Nge7 7. Nbd2 d6 8. O-O
O-O 9. Nb3 a5 10. a4 b6 11. Re1 Ba6 12. d4 e5 13. Be3 h6 14. d5 Nb8 15. Nh4 Nd7
16. Qc1 Kh7 17. c4 Bc8 18. Nd2 Nf6 19. h3 g5 20. Nhf3 g4 21. hxg4 Nxg4 22. Nf1
f5 23. Qc2 Nxe3 24. Nxe3 f4 25. Nf1 Ng6 26. Ra3 Bf6 27. N1h2 Bd7 28. Qe2 Qe8
29. Rea1 Rg8 30. Kh1 Rg7 31. Ng1 Nf8 32. Bh3 Qg6 33. Bxd7 Nxd7 34. Nh3 Rag8 35.
Rg1 Bd8 36. Raa1 Qf6 37. gxf4 exf4 38. Rxg7+ Rxg7 39. Qh5 Ne5 40. Rg1 Rxg1+ 41.
Kxg1 Nxc4 42. Ng4 Qg6 43. Qxg6+ Kxg6 44. f3 Bg5 45. b3 Nd2 46. Kf2 Nxb3 47. e5
Bh4+ 48. Kf1 dxe5 49. Nxe5+ $11 Kf5 50. Nc4 Nd4 51. Kg2 Nc2 52. Nd6+ Ke5 53.
Nc4+ Kxd5 54. Nxb6+ Kc6 55. Nc4 Ne3+ 56. Nxe3 fxe3 57. Kf1 c4 58. Ke2 Bf2 59.
Nf4 Kd6 60. Ng6 h5 61. f4 c3 62. Ne5 c2 63. Nd3 h4 64. Nc1 h3 65. Kf3 h2 66.
Kg2 Bg1 67. Nb3 e2 0-1

[Event "DJK AufwÃ¤rts Aachen 2 - Godesberger SK"]
[Site "Oberliga NRW 2016/2017"]
[Date "2017.01.22"]
[Round "5.4"]
[White "Van Dooren, Dirk"]
[Black "Hemmann, Arnold"]
[Result "1-0"]
[WhiteElo "2289"]
[BlackElo "2095"]
[PlyCount "83"]
[EventDate "2017.??.??"]
[WhiteTeam "DJK AufwÃ¤rts Aachen 2"]
[BlackTeam "Godesberger SK 1"]

1. e4 c5 2. Nf3 Nf6 3. Nc3 Nc6 4. d4 d5 5. exd5 Nxd5 6. dxc5 Nxc3 7. Qxd8+ Nxd8
8. bxc3 f6 9. Be3 e5 10. Nd2 Ne6 11. Ne4 Bd7 12. O-O-O Rc8 13. Nd6+ Bxd6 14.
cxd6 Rxc3 15. Kb2 Rc8 16. Bxa7 b6 17. Kc1 Nd4 18. Bd3 Rc6 19. Be4 Rxd6 20. Bb8
Ne2+ 21. Kb2 Rd4 22. Rxd4 Nxd4 23. c3 Nc6 24. Bd6 Na5 25. Rd1 Be6 26. Bb4 Nc4+
27. Kc2 b5 28. Bc6+ Kf7 29. Bxb5 Nb6 30. Rd6 Rb8 31. a4 Nd5 32. Ba5 Ke7 33. Ra6
f5 34. g3 Rc8 35. Kd3 e4+ 36. Kd4 Nf6 37. Ra7+ Kf8 38. h3 Bf7 39. c4 g5 40. Ke5
Kg7 41. Rc7 Ra8 42. Bb6 1-0

[Event "DJK AufwÃ¤rts Aachen 2 - Godesberger SK"]
[Site "Oberliga NRW 2016/2017"]
[Date "2017.01.22"]
[Round "5.5"]
[White "Kummer, Wolfram"]
[Black "Skulener, Wladimir"]
[Result "0-1"]
[WhiteElo "2054"]
[BlackElo "2345"]
[PlyCount "84"]
[EventDate "2017.??.??"]
[WhiteTeam "Godesberger SK 1"]
[BlackTeam "DJK AufwÃ¤rts Aachen 2"]

1. e4 Nf6 2. e5 Nd5 3. d4 d6 4. c4 Nb6 5. exd6 cxd6 6. a4 g6 7. Nf3 Bg7 8. h3
O-O 9. Nc3 Nc6 10. a5 Nd7 11. Be3 Nxa5 12. b4 Nc6 13. b5 Na5 14. Qa4 b6 15. Be2
Bb7 16. O-O Rc8 17. Nd2 e5 18. dxe5 Bxe5 19. Rac1 Nc5 20. Qa2 Qf6 21. Na4 Bf4
22. Nxc5 dxc5 23. Bxf4 Qxf4 24. Nb3 Qg5 25. Bg4 Nxb3 26. Qxb3 Rc7 27. Qg3 Re7
28. f4 Qf6 29. Rcd1 Rfe8 30. f5 Qg5 31. fxg6 hxg6 32. Kh2 Be4 33. Bd7 Qxg3+ 34.
Kxg3 Rd8 35. Bg4 Rd4 36. Rxd4 cxd4 37. Re1 f5 38. Bd1 Kf7 39. Bb3 Kf6 40. h4
Ke5 41. Rd1 d3 42. Rc1 Rc7 0-1

[Event "DJK AufwÃ¤rts Aachen 2 - Godesberger SK"]
[Site "Oberliga NRW 2016/2017"]
[Date "2017.01.22"]
[Round "5.6"]
[White "Gulbas, Cemil"]
[Black "Kutzner, Stephen"]
[Result "1-0"]
[WhiteElo "2340"]
[BlackElo "2009"]
[PlyCount "80"]
[EventDate "2017.??.??"]
[WhiteTeam "DJK AufwÃ¤rts Aachen 2"]
[BlackTeam "Godesberger SK 1"]

1. Nf3 Nf6 2. g3 d5 3. Bg2 Bg4 4. d3 Nbd7 5. Nbd2 e5 6. O-O Bc5 7. e4 c6 8. h3
Bh5 9. Qe1 Qe7 10. Nh4 O-O 11. Nf5 Qe6 12. g4 Bg6 13. Qe2 Rfe8 14. Re1 Nf8 15.
Nf1 Rad8 16. Qf3 dxe4 17. dxe4 Qc4 18. N1g3 Ne6 19. g5 Nd7 20. c3 Qb5 21. Bf1
Qb6 22. b4 Bf8 23. h4 Qc7 24. h5 Bxf5 25. exf5 Nf4 26. a3 Nb6 27. Re4 Nbd5 28.
c4 Nb6 29. Be3 c5 30. b5 Be7 31. Qg4 Nd3 32. f6 Bf8 33. fxg7 Bxg7 34. h6 Bh8
35. Nh5 Qc8 36. Qg3 Qf5 37. Nf6+ Kf8 38. Bxd3 Rxd3 39. Bxc5+ Re7 40. Bxe7+ Kxe7
1-0

[Event "DJK AufwÃ¤rts Aachen 2 - Godesberger SK"]
[Site "Oberliga NRW 2016/2017"]
[Date "2017.01.22"]
[Round "5.7"]
[White "Grabowski, Pawel"]
[Black "Marcziter, Dmitrii"]
[Result "1-0"]
[WhiteElo "2262"]
[BlackElo "2254"]
[PlyCount "95"]
[EventDate "2017.??.??"]
[WhiteTeam "Godesberger SK 1"]
[BlackTeam "DJK AufwÃ¤rts Aachen 2"]

1. d4 d5 2. c4 e6 3. Nf3 c5 4. e3 Nf6 5. Nc3 Nc6 6. cxd5 exd5 7. Bb5 a6 8.
Bxc6+ bxc6 9. O-O Be7 10. h3 O-O 11. dxc5 Bxc5 12. b3 Bd6 13. Bb2 c5 14. Rc1
Bb7 15. Qd3 h6 16. Rfd1 Qe7 17. Na4 Ne4 18. Nd2 f5 19. Nxe4 fxe4 20. Qc3 Qf7
21. Qd2 Rac8 22. Ba3 Qe7 23. Nb6 Rcd8 24. Qc3 Qf7 25. Qc2 Kh8 26. Rd2 d4 27.
Bxc5 d3 28. Qc4 Qg6 29. Qb4 Rf5 30. Bxd6 Rxd6 31. Nc8 Bxc8 32. Rxc8+ Kh7 33.
Qxe4 Rg5 34. Qxg6+ Kxg6 35. f3 Kf6 36. Kf2 a5 37. Rc3 a4 38. Rcxd3 Ra6 39. Rd6+
Rxd6 40. Rxd6+ Ke7 41. Rb6 Rc5 42. bxa4 Rc2+ 43. Kg3 Rxa2 44. Rb4 Kf6 45. f4 h5
46. Kf3 h4 47. Rb5 Rxa4 48. Rh5 1-0

[Event "DJK AufwÃ¤rts Aachen 2 - Godesberger SK"]
[Site "Oberliga NRW 2016/2017"]
[Date "2017.01.22"]
[Round "5.8"]
[White "Tochtenhagen, Wolfgang"]
[Black "Mueller-Boge, Michael"]
[Result "1-0"]
[WhiteElo "2072"]
[BlackElo "1997"]
[PlyCount "69"]
[EventDate "2017.??.??"]
[WhiteTeam "DJK AufwÃ¤rts Aachen 2"]
[BlackTeam "Godesberger SK 1"]

1. e4 c5 2. Nf3 d6 3. d4 cxd4 4. Nxd4 Nf6 5. Nc3 a6 6. h3 e6 7. g4 d5 8. e5
Nfd7 9. Bf4 Nc6 10. Nxc6 bxc6 11. Bg2 Qc7 12. Qe2 a5 13. O-O-O Ba6 14. Qe3 Nb6
15. Qg3 a4 16. Kb1 Be7 17. Ka1 O-O 18. g5 Rfb8 19. Rb1 Bb4 20. h4 Nc4 21. h5
Qa5 22. Nd1 a3 23. b3 Nb2 24. c3 Be7 25. g6 Bd3 26. gxf7+ Kf8 27. Bd2 Bxb1 28.
Kxb1 Nxd1 29. Rxd1 Qa4 30. Ka1 Qh4 31. Qf3 Bg5 32. Rh1 Qxh1+ 33. Bxh1 Bxd2 34.
Qd3 Be1 35. Qe3 1-0

[Event "Oberhausener SV 1 - Godesberger SK 1"]
[Site "Oberliga NRW 2016/2017"]
[Date "2017.02.12"]
[Round "6.1"]
[White "Florstedt, Johannes"]
[Black "Hort, Vlastimil"]
[Result "1/2-1/2"]
[WhiteElo "2229"]
[BlackElo "2369"]
[PlyCount "66"]
[EventDate "2017.??.??"]
[WhiteTeam "Godesberger SK 1"]
[BlackTeam "Oberhausener SV 1"]

1. e4 e6 2. d4 d5 3. Nc3 Bb4 4. e5 b6 5. a3 Bf8 6. Nf3 Qd7 7. Bb5 c6 8. Ba4 Ba6
9. Ne2 Bb5 10. Bb3 c5 11. O-O Ne7 12. Re1 Ng6 13. Ng3 Nc6 14. Nh5 c4 15. Ba2
O-O-O 16. b3 Kb8 17. Rb1 Rg8 18. Bd2 cxb3 19. cxb3 Bd3 20. Ra1 Bf5 21. Bg5 Rc8
22. b4 Bg4 23. Nf4 Be7 24. Bxe7 Qxe7 25. Nxg6 fxg6 26. Re3 Rgf8 27. b5 Bxf3 28.
gxf3 Na5 29. Rc1 Qg5+ 30. Kf1 Rxc1 31. Qxc1 Rc8 32. Qb2 Nc4 33. Bxc4 Rxc4
1/2-1/2

[Event "Oberhausener SV 1 - Godesberger SK 1"]
[Site "Oberliga NRW 2016/2017"]
[Date "2017.02.12"]
[Round "6.2"]
[White "Becker, Marcel"]
[Black "Wecker, Martin"]
[Result "1-0"]
[WhiteElo "2336"]
[BlackElo "2110"]
[PlyCount "49"]
[EventDate "2017.??.??"]
[WhiteTeam "Oberhausener SV 1"]
[BlackTeam "Godesberger SK 1"]

1. d4 Nf6 2. c4 e6 3. Nc3 Bb4 4. Qc2 O-O 5. Nf3 d5 6. cxd5 exd5 7. Bg5 h6 8.
Bh4 c5 9. e3 Nc6 10. Be2 cxd4 11. Nxd4 Nxd4 12. exd4 Qb6 13. O-O Qxd4 14. Bxf6
Qxf6 15. Nxd5 Qd6 16. Rfd1 Ba5 17. Rac1 Rb8 18. Qe4 Qe6 19. Qf4 Bd7 20. Bc4 Qg4
21. Qe5 Rbe8 22. Ne7+ Kh8 23. h3 Qh4 24. Rxd7 Bb4 25. Ng6+ 1-0

[Event "Oberhausener SV 1 - Godesberger SK 1"]
[Site "Oberliga NRW 2016/2017"]
[Date "2017.02.12"]
[Round "6.3"]
[White "Koehler, Christian Friedrich"]
[Black "Litwak, Aleksej"]
[Result "0-1"]
[WhiteElo "2135"]
[BlackElo "2280"]
[PlyCount "56"]
[EventDate "2017.??.??"]
[WhiteTeam "Godesberger SK 1"]
[BlackTeam "Oberhausener SV 1"]

1. e4 c5 2. Nf3 d6 3. d4 cxd4 4. Nxd4 Nf6 5. Nc3 Nc6 6. Bg5 e6 7. Qd2 a6 8.
O-O-O Bd7 9. f4 h6 10. Bh4 Nxe4 11. Qe1 Nf6 12. Nf5 Qa5 13. Nxd6+ Bxd6 14. Rxd6
Qc7 15. Qd2 O-O-O 16. Bxf6 gxf6 17. Ne4 Ne7 18. Nxf6 Bc6 19. Rxd8+ Rxd8 20. Bd3
Rxd3 21. Qxd3 Qxf4+ 22. Kb1 Qxf6 23. Rd1 Nd5 24. g3 e5 25. c4 e4 26. Qd4 Qxd4
27. Rxd4 Ne3 28. Rd6 Nxc4 0-1

[Event "Oberhausener SV 1 - Godesberger SK 1"]
[Site "Oberliga NRW 2016/2017"]
[Date "2017.02.12"]
[Round "6.4"]
[White "Kaufeld, Juergen"]
[Black "Stenzel, Thomas"]
[Result "1-0"]
[WhiteElo "2266"]
[BlackElo "2036"]
[PlyCount "63"]
[EventDate "2017.??.??"]
[WhiteTeam "Oberhausener SV 1"]
[BlackTeam "Godesberger SK 1"]

1. e4 e6 2. d4 d5 3. Nc3 Nc6 4. Nf3 Nf6 5. Bd3 Bb4 6. O-O Bxc3 7. exd5 Nxd4 8.
bxc3 Nxf3+ 9. Qxf3 Qxd5 10. Qg3 b6 11. c4 Qc6 12. Be3 Bb7 13. f3 Rg8 14. a4 Qd6
15. Qf2 c5 16. Rfd1 Qc7 17. Qd2 Rd8 18. Qc3 Ke7 19. Bf2 Qf4 20. a5 h6 21. Rdb1
Nd7 22. axb6 axb6 23. Ra7 Bc6 24. Rxb6 Qc1+ 25. Bf1 Rc8 26. Bxc5+ Kd8 27. Qd3
Bd5 28. Be3 Qe1 29. cxd5 Ne5 30. Rd6+ Ke8 31. Qb5+ Kf8 32. Rd8+ 1-0

[Event "Oberhausener SV 1 - Godesberger SK 1"]
[Site "Oberliga NRW 2016/2017"]
[Date "2017.02.12"]
[Round "6.5"]
[White "Hemmann, Arnold"]
[Black "Kummerow, Heiko"]
[Result "0-1"]
[WhiteElo "2095"]
[BlackElo "2165"]
[PlyCount "100"]
[EventDate "2017.??.??"]
[WhiteTeam "Godesberger SK 1"]
[BlackTeam "Oberhausener SV 1"]

1. e4 e6 2. d4 d5 3. exd5 exd5 4. Bd3 c5 5. Nf3 c4 6. Be2 Nc6 7. b3 cxb3 8.
axb3 Bd6 9. O-O Nge7 10. c4 O-O 11. Nc3 Bg4 12. c5 Bc7 13. Ne1 Bxe2 14. Nxe2
Nf5 15. Nf3 Re8 16. Qd3 Qd7 17. Ng3 Bxg3 18. hxg3 Re4 19. Bb2 f6 20. Bc3 a6 21.
b4 Na7 22. Nd2 Re7 23. Rfe1 Rae8 24. Rxe7 Rxe7 25. g4 Nh6 26. g5 fxg5 27. Nf3
Nf7 28. Bd2 h6 29. Re1 Rxe1+ 30. Bxe1 Qe6 31. Qe3 Qd7 32. Nd2 Nc6 33. Nb3 Nfd8
34. Qd3 Ne6 35. Bd2 Qf7 36. g3 Nc7 37. Nc1 Qf6 38. Ne2 Ne6 39. Bc3 Nc7 40. Qe3
Qf5 41. Kg2 Nb5 42. Bd2 Kh7 43. f3 Qc2 44. Kh3 Qc4 45. f4 Nbxd4 46. Nxd4 Qxd4
47. Qxd4 Nxd4 48. fxg5 Nf3 49. Bc1 Nxg5+ 50. Kg4 Kg6 0-1

[Event "Oberhausener SV 1 - Godesberger SK 1"]
[Site "Oberliga NRW 2016/2017"]
[Date "2017.02.12"]
[Round "6.6"]
[White "Stillger, Bernhard"]
[Black "Kutzner, Stephen"]
[Result "1-0"]
[WhiteElo "2248"]
[BlackElo "2009"]
[PlyCount "178"]
[EventDate "2017.??.??"]
[WhiteTeam "Oberhausener SV 1"]
[BlackTeam "Godesberger SK 1"]

1. Nf3 Nf6 2. g3 d5 3. Bg2 e6 4. c4 Be7 5. d4 O-O 6. O-O dxc4 7. Qc2 b5 8. a4
b4 9. Nfd2 c6 10. Nxc4 Qxd4 11. Nbd2 Ba6 12. e3 Qc5 13. b3 Bxc4 14. Nxc4 Nd5
15. Bd2 Bf6 16. Rad1 Na6 17. e4 Rac8 18. exd5 cxd5 19. Be3 Qe7 20. Bxd5 exd5
21. Rxd5 Nc7 22. Bc5 Qe6 23. Rd6 Qh3 24. Rxf6 gxf6 25. Bxf8 Rxf8 26. Ne3 Ne6
27. Rd1 Ng5 28. Qf5 Kg7 29. Ng4 h6 30. Qxf6+ Kh7 31. Qf5+ Kg7 32. Qf6+ Kh7 33.
Qf5+ Kg7 34. Rd6 Re8 35. Qf6+ Kg8 36. Nxh6+ Kf8 37. Qh8+ Ke7 38. Qf6+ Kf8 39.
Rd1 Nf3+ 40. Qxf3 Qxh6 41. Kg2 Qe6 42. Qd5 Qe2 43. Qd3 Qb2 44. Qd4 Qxd4 45.
Rxd4 a5 46. Kf3 Re1 47. Re4 Rb1 48. Re3 Rb2 49. g4 Kg7 50. h4 Kg6 51. h5+ Kh6
52. Kg3 Rc2 53. f3 Rc3 54. Kf4 Rc5 55. Re5 Rc3 56. Rxa5 Rxb3 57. Ra6+ Kg7 58.
Rb6 Rb1 59. Kf5 b3 60. g5 b2 61. f4 Kh7 62. g6+ Kg7 63. gxf7 Kxf7 64. Rb7+ Kg8
65. Rb8+ Kg7 66. Rb7+ Kg8 67. h6 Kh8 68. a5 Ra1 69. Rxb2 Rxa5+ 70. Kg6 Ra6+ 71.
Kg5 Ra1 72. Rb8+ Kh7 73. Rb7+ Kg8 74. f5 Ra2 75. Kg6 Rg2+ 76. Kf6 Ra2 77. Rg7+
Kh8 78. Re7 Ra6+ 79. Kg5 Ra1 80. Kg6 Rg1+ 81. Kf7 Ra1 82. f6 Ra2 83. Kf8 Ra8+
84. Re8 Ra7 85. f7 Rb7 86. Re6 Ra7 87. Ke8 Ra8+ 88. Ke7 Ra7+ 89. Kf6 Kh7 1-0

[Event "Oberhausener SV 1 - Godesberger SK 1"]
[Site "Oberliga NRW 2016/2017"]
[Date "2017.02.12"]
[Round "6.7"]
[White "Grabowski, Pawel"]
[Black "Ciornei, Dragos"]
[Result "0-1"]
[WhiteElo "2262"]
[BlackElo "2131"]
[PlyCount "86"]
[EventDate "2017.??.??"]
[WhiteTeam "Godesberger SK 1"]
[BlackTeam "Oberhausener SV 1"]

1. d4 g6 2. c4 Bg7 3. Nf3 Nf6 4. Nc3 O-O 5. e4 d6 6. Be2 e5 7. O-O exd4 8. Nxd4
Re8 9. f3 c6 10. Nc2 Be6 11. Be3 d5 12. exd5 cxd5 13. c5 Nc6 14. Nd4 Nd7 15.
Nxc6 bxc6 16. Bd4 Rb8 17. Bxg7 Kxg7 18. Na4 Qf6 19. Qd2 h5 20. b4 Ne5 21. Nc3
Red8 22. a3 Nc4 23. Bxc4 dxc4 24. Qc2 Bf5 25. Ne4 Qd4+ 26. Kh1 Bxe4 27. fxe4
Re8 28. Rad1 Qxe4 29. Qc3+ Kg8 30. Rd7 Rf8 31. Rxa7 Rbd8 32. a4 Rd3 33. Qf6 Rd2
34. Qg5 Qe2 35. Rg1 c3 36. Re7 Qd3 37. Re3 Qd4 38. Qe5 Qxe5 39. Rxe5 c2 40. Re4
Rfd8 41. Rc4 R8d4 42. Rc3 Rxb4 43. h3 Rb1 0-1

[Event "Oberhausener SV 1 - Godesberger SK 1"]
[Site "Oberliga NRW 2016/2017"]
[Date "2017.02.12"]
[Round "6.8"]
[White "Voge, Andreas"]
[Black "Schulte-Geers, Niklas"]
[Result "0-1"]
[WhiteElo "2083"]
[BlackElo "1971"]
[PlyCount "60"]
[EventDate "2017.??.??"]
[WhiteTeam "Oberhausener SV 1"]
[BlackTeam "Godesberger SK 1"]

1. e4 c6 2. c4 d5 3. exd5 cxd5 4. cxd5 Qxd5 5. Nc3 Qd8 6. d4 Nf6 7. Bc4 e6 8.
Nf3 Bb4 9. O-O O-O 10. Bg5 Nbd7 11. Qe2 Qa5 12. Rac1 b6 13. a3 Bxc3 14. Rxc3
Bb7 15. Ne5 Ne4 16. Nxd7 Qxg5 17. f4 Nxc3 18. bxc3 Qa5 19. Nxf8 Rxf8 20. f5
exf5 21. Qe3 Be4 22. Rc1 Qxa3 23. Bf1 a5 24. Qd2 a4 25. c4 Rc8 26. Re1 h6 27.
d5 Qd6 28. Ra1 Ra8 29. Qc3 Qc5+ 30. Kh1 Bxd5 0-1

[Event "Bahn-SC Wuppertal 1 - DJK Aufwärts Aach"]
[Site "Oberliga NRW 2016/2017"]
[Date "2017.02.12"]
[Round "6.1"]
[White "Buscher, Michael"]
[Black "Savchenko, Vyacheslav"]
[Result "1/2-1/2"]
[WhiteElo "2355"]
[BlackElo "2332"]
[PlyCount "35"]
[EventDate "2017.??.??"]
[WhiteTeam "DJK Aufwärts Aachen 2"]
[BlackTeam "Bahn-SC Wuppertal 1"]

1. e4 e5 2. Nf3 Nf6 3. Bc4 Nxe4 4. Nc3 Nf6 5. Nxe5 d5 6. Bb3 c6 7. O-O Be7 8.
d4 O-O 9. Ne2 Ne4 10. c3 Nd7 11. Nd3 Re8 12. Bc2 Bd6 13. Bf4 Bxf4 14. Nexf4 Nf8
15. Re1 Bf5 16. Nh5 Qg5 17. Ng3 Nxg3 18. hxg3 1/2-1/2

[Event "Bahn-SC Wuppertal 1 - DJK Aufwärts Aach"]
[Site "Oberliga NRW 2016/2017"]
[Date "2017.02.12"]
[Round "6.2"]
[White "Savchenko, Aleksij"]
[Black "Van Dooren, Dirk"]
[Result "0-1"]
[WhiteElo "2238"]
[BlackElo "2289"]
[PlyCount "120"]
[EventDate "2017.??.??"]
[WhiteTeam "Bahn-SC Wuppertal 1"]
[BlackTeam "DJK Aufwärts Aachen 2"]

1. e4 c5 2. Nf3 e6 3. d4 cxd4 4. Nxd4 Nc6 5. Nc3 Qc7 6. Be2 a6 7. O-O Nf6 8. a3
Nxd4 9. Qxd4 Bd6 10. Kh1 Be5 11. Qd3 b5 12. f4 Bxc3 13. bxc3 Bb7 14. e5 Ne4 15.
Bf3 f5 16. exf6 Nxf6 17. Be3 Bxf3 18. Rxf3 O-O 19. Bd4 Rf7 20. a4 bxa4 21. Bxf6
Rxf6 22. Rxa4 a5 23. Qd4 Raf8 24. Kg1 Rf5 25. Rc4 Qb7 26. Rc5 Qb1+ 27. Rf1
Qxf1+ 28. Kxf1 Rxf4+ 29. Ke2 Rxd4 30. cxd4 Ra8 31. Rc3 Kf7 32. Kd3 Kf6 33. Ra3
a4 34. c4 d5 35. c5 e5 36. Kc3 Ke6 37. dxe5 Kxe5 38. Kb4 Rb8+ 39. Kxa4 Kd4 40.
Rg3 Kc4 41. Ka3 g6 42. c6 d4 43. Rh3 Rc8 44. Rxh7 Rxc6 45. Kb2 Kd3 46. h4 Rc2+
47. Kb3 Rxg2 48. h5 gxh5 49. Rxh5 Kd2 50. Rh6 d3 51. Kc4 Rg4+ 52. Kb3 Re4 53.
Rh2+ Re2 54. Rh3 Re3 55. Rh2+ Kd1 56. Rh1+ Re1 57. Rh2 d2 58. Kb2 Rg1 59. Rh7
Ke2 60. Re7+ Kf3 0-1

[Event "Bahn-SC Wuppertal 1 - DJK Aufwärts Aach"]
[Site "Oberliga NRW 2016/2017"]
[Date "2017.02.12"]
[Round "6.3"]
[White "Skulener, Wladimir"]
[Black "Khanukov, Boris"]
[Result "1/2-1/2"]
[WhiteElo "2345"]
[BlackElo "2249"]
[PlyCount "50"]
[EventDate "2017.??.??"]
[WhiteTeam "DJK Aufwärts Aachen 2"]
[BlackTeam "Bahn-SC Wuppertal 1"]

1. d4 Nf6 2. c4 e6 3. Nf3 d5 4. Nc3 Be7 5. Bg5 O-O 6. e3 h6 7. Bxf6 Bxf6 8. Qc2
c5 9. dxc5 Qa5 10. cxd5 exd5 11. O-O-O Be6 12. Nxd5 Bxd5 13. Rxd5 Qxa2 14. Bc4
Qa1+ 15. Qb1 Qa4 16. Qa2 Qxa2 17. Bxa2 Na6 18. Bc4 Nb4 19. Rd7 b6 20. Rhd1 Rac8
21. Kb1 Rxc5 22. Bb3 Nc6 23. R1d5 Rxd5 24. Bxd5 Nb4 25. Bb3 a5 1/2-1/2

[Event "Bahn-SC Wuppertal 1 - DJK Aufwärts Aach"]
[Site "Oberliga NRW 2016/2017"]
[Date "2017.02.12"]
[Round "6.4"]
[White "Bashilin, Roman"]
[Black "Gulbas, Cemil"]
[Result "1/2-1/2"]
[WhiteElo "2208"]
[BlackElo "2340"]
[Annotator "Daniel"]
[PlyCount "46"]
[EventDate "2017.??.??"]
[WhiteTeam "Bahn-SC Wuppertal 1"]
[BlackTeam "DJK Aufwärts Aachen 2"]

1. d4 d5 2. Nf3 Nf6 3. e3 Bf5 4. Bd3 e6 5. Bxf5 exf5 6. O-O c6 7. c4 dxc4 8.
Qc2 g6 9. Qxc4 Bd6 10. b4 O-O 11. Nc3 Nbd7 12. b5 Rc8 13. Bb2 cxb5 14. Qxb5 a6
15. Qb3 b5 16. a4 b4 17. Ne2 Qa5 18. Rfc1 Ne4 19. Ne5 $11 Rxc1+ 20. Rxc1 Bxe5
21. dxe5 Ndc5 22. Qc4 Nxa4 23. Bd4 Qb5 1/2-1/2

[Event "Bahn-SC Wuppertal 1 - DJK Aufwärts Aach"]
[Site "Oberliga NRW 2016/2017"]
[Date "2017.02.12"]
[Round "6.5"]
[White "Marcziter, Dmitrii"]
[Black "Ries, Benjamin"]
[Result "1/2-1/2"]
[WhiteElo "2254"]
[BlackElo "2184"]
[PlyCount "117"]
[EventDate "2017.??.??"]
[WhiteTeam "DJK Aufwärts Aachen 2"]
[BlackTeam "Bahn-SC Wuppertal 1"]

1. d4 d5 2. c4 c6 3. Nf3 Nf6 4. g3 dxc4 5. a4 g6 6. Bg2 Bg7 7. O-O Na6 8. Ne5
Ng4 9. f4 Qb6 10. e3 Nxe5 11. fxe5 Be6 12. Nc3 Rd8 13. Qe2 O-O 14. Bd2 f5 15.
Be1 Nb4 16. a5 Qc7 17. Ne4 Nd3 18. Ng5 Bc8 19. Qc2 Nxe1 20. Qxc4+ e6 21. Rfxe1
Qe7 22. Nf3 a6 23. b4 g5 24. Rf1 Kh8 25. Ne1 Rg8 26. Nd3 Rdf8 27. Ra2 Rf7 28.
Raf2 Bf8 29. Kh1 h5 30. Nc5 Rh7 31. h3 Bh6 32. Qe2 Qe8 33. Nd3 Qd8 34. Nc5 Bf8
35. Rd1 Qc7 36. Qb2 Qg7 37. e4 h4 38. g4 fxg4 39. hxg4 Be7 40. Bf1 Qg6 41. Bd3
Rf8 42. Rxf8+ Bxf8 43. Rf1 Rf7 44. Qe2 Kg7 45. Qe3 Be7 46. Kg2 Rxf1 47. Bxf1
Qf7 48. Bc4 Kg6 49. Nd3 Qf8 50. Nc5 Bxc5 51. bxc5 Qf7 52. Qd2 Qf8 53. Bd3 Qf4
54. Qxf4 gxf4 55. Be2 Kg5 56. Bf3 Bd7 57. Kh3 Bc8 58. Kg2 Bd7 59. Kh3 1/2-1/2

[Event "Bahn-SC Wuppertal 1 - DJK Aufwärts Aach"]
[Site "Oberliga NRW 2016/2017"]
[Date "2017.02.12"]
[Round "6.6"]
[White "Auer, Martin"]
[Black "Juegel, Marcel"]
[Result "1/2-1/2"]
[WhiteElo "2167"]
[BlackElo "2161"]
[PlyCount "64"]
[EventDate "2017.??.??"]
[WhiteTeam "Bahn-SC Wuppertal 1"]
[BlackTeam "DJK Aufwärts Aachen 2"]

1. e4 e6 2. d4 d5 3. Nc3 Nf6 4. Bg5 Be7 5. e5 Nfd7 6. h4 Nc6 7. Bxe7 Qxe7 8.
Qd2 a6 9. f4 f6 10. Nf3 Nb6 11. O-O-O Bd7 12. Qe3 O-O-O 13. Nd2 fxe5 14. fxe5
Be8 15. Nb3 Bh5 16. Rd2 Rdf8 17. Nc5 Rf5 18. Bd3 Rf7 19. Ne2 Rhf8 20. Ng3 Bg6
21. Be2 Rf4 22. h5 Be8 23. c3 Nd8 24. b3 Bb5 25. Nd3 R4f7 26. Kb2 Nc6 27. Nc5
Bxe2 28. Rxe2 Nd7 29. Nd3 Na7 30. Ra1 Qh4 31. Rh1 Qe7 32. Ra1 Qh4 1/2-1/2